000 01040nam a2200241 i 4500
001 157321
003 ES-MaACL
005 20231222200427.0
008 960419s1876 sp |||| | spa d
080 _a726.6(460.181 L.)(091)
100 1 _aLaviña, Matías.
_9128755
245 1 3 _aLa Catedral de León
_b: memoria sobre su origen, instalación, nueva edificación, vicisitudes y obras de restauración... /
_cpor Matías Laviña ; con un prólogo-biografía de dicho arquitecto por Manuel M. Fernández y González.
260 _aMadrid :
_bEduardo de Medina,
_c1876.
300 _a112 p. ;
_c16 cm.
530 _aDisponible en formato digital.
600 1 4 _aLaviña, Matías.
_9128755
610 2 4 _aCatedral de León-
_vHistoria.
_9162189
700 1 _aFernández y González, Manuel,
_d1821-1888
_950183
700 1 _aMedina, Eduardo de.
_9129789
852 _aES-MaACL
_jD-2762
856 _uhttp://bibliotecadigital.jcyl.es/i18n/consulta/registro.cmd?id=1283
_zBiblioteca Digital de Castilla y León
999 _c157321
_d157321